| 000 | 00573cam a22002291 4500 | ||
|---|---|---|---|
| 001 | sa 62000393 | ||
| 003 | DLC | ||
| 005 | 20260227111914.0 | ||
| 008 | 890802s1961 ii b 000 0 hino | ||
| 010 | _asa 62000393 | ||
| 035 | _a(OCoLC)20114935 | ||
| 040 |
_aDLC _cWaU _dDLC |
||
| 042 | _apremarc | ||
| 050 | 0 | 0 |
_aPK2096.T8 _bZ85 |
| 100 | 1 | _aSingh, Uday Bhanu. | |
| 245 | 0 | 0 | _aTulasī-darśana-mīmāṃsā. |
| 260 | _c[1961] | ||
| 300 |
_a6, 464, _c26 cm. |
||
| 500 | _aIn Hindi. | ||
| 504 | _aBibliography: p. [432]-452. | ||
| 600 | 0 | 0 |
_aTulasīdāsa, _d1532-1623. |
| 999 |
_c52919 _d52919 |
||